Britannica: Quiz Show (Record no. 89725)
[ view plain ]
| 000 -LEADER | |
|---|---|
| fixed length control field | 00807nji a22002057a 4500 |
| 005 - DATE AND TIME OF LATEST TRANSACTION | |
| control field | 20141029171953.0 |
| 007 - PHYSICAL DESCRIPTION FIXED FIELD--GENERAL INFORMATION | |
| fixed length control field | cd |
| 008 - FIXED-LENGTH DATA ELEMENTS--GENERAL INFORMATION | |
| fixed length control field | 141029b xxu||||| |||| 00| 0 eng d |
| 010 ## - LIBRARY OF CONGRESS CONTROL NUMBER | |
| LC control number | dvd-008349-51 |
| 024 ## - OTHER STANDARD IDENTIFIER | |
| Standard number or code | 798936835628 |
| Terms of availability | 595.00 |
| 035 ## - SYSTEM CONTROL NUMBER | |
| System control number | dvd-008349-51 |
| 245 ## - TITLE STATEMENT | |
| Title | Britannica: Quiz Show |
| Remainder of title | Show what you know |
| Statement of responsibility, etc | Encyclopedia Britannica |
| Medium | cd-rom |
| 260 ## - PUBLICATION, DISTRIBUTION, ETC. (IMPRINT) | |
| Place of publication, distribution, etc | N.Delhi |
| Date of publication, distribution, etc | 2007 |
| 270 ## - ADDRESS | |
| Address | A-41,Ground Floor.(L-2) Mohan Cooperative,Main Mathura Road, |
| City | N.Delhi |
| Country | India |
| 300 ## - PHYSICAL DESCRIPTION | |
| Extent | disc(cd) |
| 500 ## - GENERAL NOTE | |
| General note | Geography,Art &Literature,Sports,Science,History. |
| 521 ## - TARGET AUDIENCE NOTE | |
| Target audience note | System Requirement: Window Vista xp98se, 8mb DirectX |
| 942 ## - ADDED ENTRY ELEMENTS (KOHA) | |
| Source of classification or shelving scheme | Dewey Decimal Classification |
| Item type | CD-ROMs, DVDs, VHS |
| Call number suffix | BRI |
| Withdrawn status | Lost status | Source of classification or shelving scheme | Damaged status | Not for loan | Home library | Current library | Date acquired | Source of acquisition | Cost, normal purchase price | Total Checkouts | Barcode | Date last seen | Copy number | Cost, replacement price | Price effective from | Koha item type | Full call number | Date last borrowed |
|---|---|---|---|---|---|---|---|---|---|---|---|---|---|---|---|---|---|---|
| Dewey Decimal Classification | Central Library | Central Library | 30/01/2015 | 33714/22.11.13/1456/17.02.14 | 595.00 | DVD-008349 | 30/01/2015 | 1 | 595.00 | 30/01/2015 | CD-ROMs, DVDs, VHS | |||||||
| Dewey Decimal Classification | Janak Puri | Janak Puri | 30/01/2015 | 33714/22.11.13/1456/17.02.14 | 595.00 | DVD-008351 | 30/01/2015 | 1 | 595.00 | 30/01/2015 | CD-ROMs, DVDs, VHS | BRI | ||||||
| Dewey Decimal Classification | Patel Nagar | Patel Nagar | 30/01/2015 | 33714/22.11.13/1456/17.02.14 | 595.00 | 2 | DVD-008350 | 21/09/2015 | 1 | 595.00 | 30/01/2015 | CD-ROMs, DVDs, VHS | BRI | 15/09/2015 |
